| 000 | 00691cam a2200205 a 4500 | ||
|---|---|---|---|
| 020 | _a019597980X | ||
| 082 |
_a320.917671 _bHEN _cN-01,P90 |
||
| 245 | 0 | 4 |
_aThe politics of Islamic finance / _cedited by Clement M. Henry and Rodney Wilson. |
| 260 |
_aKarachi : _bOxford University Press, _c2005. |
||
| 300 |
_a307 p. ; _c24 cm. |
||
| 500 | _aIncludes index. | ||
| 526 |
_a0 _b0 _c0 _d320_917671000000000_HEN |
||
| 650 | 0 |
_aBanks and banking _zIslamic countries. _910170 |
|
| 650 | 0 |
_aCapital _zIslamic countries. _937603 |
|
| 650 | 0 |
_aFinance _zIslamic countries. _937604 |
|
| 650 | 0 |
_aNUST _96342 |
|
| 700 | 1 |
_aHenry, Clement M., _937605 |
|
| 700 | 1 |
_aWilson, Rodney. _937606 |
|
| 942 |
_2ddc _cBK |
||
| 999 |
_c542435 _d542435 |
||